[Event "DVM U16 2018"]
[Site "Aurich GER"]
[Date "2018.12.29"]
[Round "6"]
[White "Schnegelberg, Christian"]
[Black "Kartsev, Nikolay"]
[Result "0-1"]
[Termination "normal"]
[Board "3.2"]
[WhiteElo "1836"]
[BlackElo "2055"]
[WhiteClock "00:00:31"]
[BlackClock "00:03:29"]
[WhiteTeam "TV Tegernsee"]
[BlackTeam "SF Brackel"]
[PlyCount "78"]
[WhiteFideId "12994154"]
[BlackFideId "12939536"]
[EventCountry "GER"]
[EventRounds "7"]
[EventType "team-swiss"]
[EventDate "2018.12.26"]

1. d4 {[%clk 01:30:58]} {[%emt 00:00:01]} f5 {[%clk 01:30:50]} {[%emt
00:00:10]} 2. c4 {[%clk 01:30:58]} {[%emt 00:00:30]} Nf6 {[%clk 01:30:49]}
{[%emt 00:00:31]} 3. g3 {[%clk 01:30:47]} {[%emt 00:00:41]} d6 {[%clk
01:29:55]} {[%emt 00:01:23]} 4. Bg2 {[%clk 01:29:32]} {[%emt 00:01:45]} g6
{[%clk 01:30:01]} {[%emt 00:00:24]} 5. e3 {[%clk 01:27:24]} {[%emt 00:02:38]}
Bg7 {[%clk 01:30:15]} {[%emt 00:00:16]} 6. Ne2 {[%clk 01:23:03]} {[%emt
00:04:51]} O-O {[%clk 01:30:15]} {[%emt 00:00:30]} 7. O-O {[%clk 01:22:51]}
{[%emt 00:00:42]} e5 {[%clk 01:27:20]} {[%emt 00:03:26]} 8. Nbc3 {[%clk
01:19:07]} {[%emt 00:04:14]} e4 {[%clk 01:13:23]} {[%emt 00:14:27]} 9. b3
{[%clk 01:11:32]} {[%emt 00:08:05]} c6 {[%clk 01:07:44]} {[%emt 00:06:09]} 10.
Bb2 {[%clk 01:11:26]} {[%emt 00:00:36]} Be6 {[%clk 00:58:11]} {[%emt 00:10:03]}
11. Qc2 {[%clk 01:04:01]} {[%emt 00:07:54]} Bf7 {[%clk 00:53:06]} {[%emt
00:05:35]} 12. Rac1 {[%clk 00:53:09]} {[%emt 00:11:22]} Nbd7 {[%clk 00:50:21]}
{[%emt 00:03:15]} 13. Ba3 {[%clk 00:44:37]} {[%emt 00:09:02]} Qc7 {[%clk
00:44:11]} {[%emt 00:06:40]} 14. Rfd1 {[%clk 00:37:21]} {[%emt 00:07:45]} Rfe8
{[%clk 00:41:36]} {[%emt 00:03:05]} 15. Re1 {[%clk 00:22:12]} {[%emt 00:15:40]}
Rad8 {[%clk 00:37:05]} {[%emt 00:05:00]} 16. Rcd1 {[%clk 00:17:55]} {[%emt
00:04:48]} Kh8 {[%clk 00:31:21]} {[%emt 00:06:14]} 17. Bc1 {[%clk 00:09:07]}
{[%emt 00:09:19]} g5 {[%clk 00:26:53]} {[%emt 00:04:58]} 18. h3 {[%clk
00:05:36]} {[%emt 00:04:00]} Bg6 {[%clk 00:27:02]} {[%emt 00:00:21]} 19. Kh1
{[%clk 00:05:21]} {[%emt 00:00:46]} a6 {[%clk 00:25:36]} {[%emt 00:01:55]} 20.
b4 {[%clk 00:03:58]} {[%emt 00:01:53]} Nb6 {[%clk 00:22:20]} {[%emt 00:03:45]}
21. Na4 {[%clk 00:03:25]} {[%emt 00:01:04]} Rd7 {[%clk 00:17:13]} {[%emt
00:05:34]} 22. Nxb6 {[%clk 00:03:11]} {[%emt 00:00:47]} Qxb6 {[%clk 00:16:58]}
{[%emt 00:00:45]} 23. a3 {[%clk 00:03:21]} {[%emt 00:00:20]} d5 {[%clk
00:16:33]} {[%emt 00:00:54]} 24. Nc3 {[%clk 00:01:56]} {[%emt 00:01:55]} dxc4
{[%clk 00:11:26]} {[%emt 00:05:38]} 25. Na4 {[%clk 00:01:31]} {[%emt 00:00:55]}
Qa7 {[%clk 00:11:55]} 26. Nc5 {[%clk 00:01:10]} {[%emt 00:00:50]} b5 {[%clk
00:12:05]} {[%emt 00:00:20]} 27. a4 {[%clk 00:00:37]} {[%emt 00:01:04]} Rde7
{[%clk 00:11:26]} {[%emt 00:01:08]} 28. axb5 {[%clk 00:00:39]} {[%emt
00:00:29]} axb5 {[%clk 00:11:34]} {[%emt 00:00:22]} 29. Bd2 {[%clk 00:00:34]}
{[%emt 00:00:36]} Ra8 {[%clk 00:11:00]} {[%emt 00:01:00]} 30. Ra1 {[%clk
00:00:32]} {[%emt 00:00:35]} Qxa1 {[%clk 00:10:36]} {[%emt 00:00:53]} 31. Rxa1
{[%clk 00:00:58]} {[%emt 00:00:05]} Rxa1+ {[%clk 00:11:05]} 32. Kh2 {[%emt
00:01:18]} Rea7 {[%clk 00:10:42]} 33. Bc3 {[%clk 00:00:32]} {[%emt 00:01:01]}
R7a2 {[%clk 00:08:58]} {[%emt 00:02:13]} 34. Bb2 {[%clk 00:00:48]} {[%emt
00:00:15]} Nd5 {[%clk 00:05:59]} {[%emt 00:03:29]} 35. Nb3 {[%clk 00:01:11]}
{[%emt 00:00:08]} Nxb4 {[%clk 00:06:04]} {[%emt 00:00:25]} 36. Qd2 {[%clk
00:01:07]} {[%emt 00:00:33]} Rb1 {[%clk 00:05:28]} {[%emt 00:01:06]} 37. Qxb4
{[%clk 00:00:46]} {[%emt 00:00:51]} Rbxb2 {[%clk 00:05:10]} {[%emt 00:00:47]}
38. Qd6 {[%clk 00:00:32]} {[%emt 00:00:45]} Bf7 {[%clk 00:03:42]} {[%emt
00:01:56]} 39. Nc5 {[%clk 00:00:31]} {[%emt 00:00:33]} Rxf2 {[%clk 00:03:29]}
{[%emt 00:00:42]} 0-1

[Event "DVM U16 2018"]
[Site "Aurich GER"]
[Date "2018.12.29"]
[Round "6"]
[White "Kracht, Raphael"]
[Black "von Freymann, Franz"]
[Result "0-1"]
[Termination "normal"]
[Board "3.3"]
[WhiteElo "2047"]
[BlackElo "1819"]
[WhiteClock "00:29:51"]
[BlackClock "00:53:04"]
[WhiteTeam "SF Brackel"]
[BlackTeam "TV Tegernsee"]
[PlyCount "84"]
[WhiteFideId "16214382"]
[BlackFideId "12994014"]
[EventCountry "GER"]
[EventRounds "7"]
[EventType "team-swiss"]
[EventDate "2018.12.26"]

1. e4 {[%clk 01:30:57]} {[%emt 00:00:02]} c6 {[%clk 01:30:43]} {[%emt
00:00:17]} 2. d4 {[%clk 01:29:58]} {[%emt 00:01:30]} d5 {[%clk 01:31:07]}
{[%emt 00:00:06]} 3. e5 {[%clk 01:30:24]} {[%emt 00:00:04]} Bf5 {[%clk
01:31:30]} {[%emt 00:00:06]} 4. Nf3 {[%clk 01:30:51]} {[%emt 00:00:04]} e6
{[%clk 01:31:46]} {[%emt 00:00:13]} 5. Be2 {[%clk 01:31:17]} {[%emt 00:00:04]}
Nd7 {[%clk 01:30:58]} {[%emt 00:01:18]} 6. O-O {[%clk 01:31:31]} {[%emt
00:00:16]} c5 {[%clk 01:30:20]} {[%emt 00:01:08]} 7. c4 {[%clk 01:30:40]}
{[%emt 00:01:22]} Ne7 {[%clk 01:29:34]} {[%emt 00:01:16]} 8. Nc3 {[%clk
01:21:48]} {[%emt 00:09:22]} cxd4 {[%clk 01:27:10]} {[%emt 00:02:53]} 9. Nb5
{[%clk 01:20:31]} {[%emt 00:01:47]} Nc6 {[%clk 01:25:02]} {[%emt 00:02:38]} 10.
cxd5 {[%clk 01:20:24]} {[%emt 00:00:37]} exd5 {[%clk 01:25:03]} {[%emt
00:00:30]} 11. Nbxd4 {[%clk 01:20:26]} {[%emt 00:00:27]} Be6 {[%clk 01:24:04]}
{[%emt 00:01:30]} 12. Re1 {[%clk 01:16:17]} {[%emt 00:04:38]} Be7 {[%clk
01:20:55]} {[%emt 00:03:39]} 13. b3 {[%clk 01:07:38]} {[%emt 00:09:09]} O-O
{[%clk 01:18:32]} {[%emt 00:02:52]} 14. Bb2 {[%clk 01:07:49]} {[%emt 00:00:20]}
Bb4 {[%clk 01:17:02]} {[%emt 00:01:59]} 15. Rf1 {[%clk 01:07:09]} {[%emt
00:01:11]} Rc8 {[%clk 01:17:12]} {[%emt 00:00:20]} 16. a3 {[%clk 01:01:43]}
{[%emt 00:05:56]} Ba5 {[%clk 01:13:51]} {[%emt 00:03:51]} 17. b4 {[%clk
01:00:45]} {[%emt 00:01:28]} Bc7 {[%clk 01:13:44]} {[%emt 00:00:37]} 18. Nxc6
{[%clk 00:58:33]} {[%emt 00:02:42]} bxc6 {[%clk 01:14:05]} {[%emt 00:00:09]}
19. Ba6 {[%clk 00:58:09]} {[%emt 00:00:54]} Rb8 {[%clk 01:13:30]} {[%emt
00:01:05]} 20. Nd4 {[%clk 00:55:02]} {[%emt 00:03:37]} Rb6 {[%clk 01:10:47]}
{[%emt 00:03:13]} 21. Bd3 {[%clk 00:53:55]} {[%emt 00:01:37]} c5 {[%clk
01:09:16]} {[%emt 00:02:00]} 22. Nxe6 {[%clk 00:52:29]} {[%emt 00:01:57]} fxe6
{[%clk 01:08:58]} {[%emt 00:00:48]} 23. f4 {[%clk 00:52:05]} {[%emt 00:00:54]}
c4 {[%clk 01:06:49]} {[%emt 00:02:39]} 24. Bc2 {[%clk 00:50:15]} {[%emt
00:02:21]} g6 {[%clk 01:03:32]} {[%emt 00:03:47]} 25. Bd4 {[%clk 00:50:09]}
{[%emt 00:00:35]} Rb7 {[%clk 01:03:38]} {[%emt 00:00:23]} 26. Qg4 {[%clk
00:44:11]} {[%emt 00:06:29]} Qe8 {[%clk 01:00:58]} {[%emt 00:03:10]} 27. h4
{[%clk 00:27:21]} {[%emt 00:17:21]} Bb6 {[%emt 00:05:31]} 28. Bxb6 {[%clk
00:25:51]} {[%emt 00:00:02]} Nxb6 {[%clk 00:57:19]} {[%emt 00:01:04]} 29. Rad1
{[%clk 00:22:44]} {[%emt 00:03:38]} Rg7 {[%clk 00:53:27]} {[%emt 00:04:22]} 30.
Qg3 {[%clk 00:21:41]} {[%emt 00:01:33]} Qc6 {[%clk 00:50:21]} {[%emt 00:03:36]}
31. Qc3 {[%clk 00:18:21]} {[%emt 00:03:49]} Nc8 {[%clk 00:47:50]} {[%emt
00:03:01]} 32. a4 {[%clk 00:17:37]} {[%emt 00:01:15]} Qb6+ {[%clk 00:46:13]}
{[%emt 00:02:06]} 33. Kh1 {[%clk 00:17:38]} {[%emt 00:00:30]} Rb7 {[%clk
00:45:27]} {[%emt 00:01:15]} 34. b5 {[%clk 00:16:19]} {[%emt 00:01:50]} Qc5
{[%clk 00:43:32]} {[%emt 00:02:24]} 35. h5 {[%clk 00:10:44]} {[%emt 00:06:05]}
Ne7 {[%clk 00:39:49]} {[%emt 00:04:13]} 36. Rf3 {[%clk 00:08:25]} {[%emt
00:02:50]} Rd7 {[%clk 00:35:52]} {[%emt 00:04:26]} 37. Rd4 {[%clk 00:04:27]}
{[%emt 00:04:29]} a6 {[%clk 00:25:47]} {[%emt 00:10:34]} 38. hxg6 {[%clk
00:04:08]} {[%emt 00:00:48]} hxg6 {[%clk 00:25:09]} {[%emt 00:01:09]} 39. Rg3
{[%clk 00:04:21]} {[%emt 00:00:18]} Kg7 {[%clk 00:24:41]} {[%emt 00:00:57]} 40.
Bd1 {[%clk 00:00:35]} {[%emt 00:04:17]} Nf5 {[%clk 00:22:32]} {[%emt 00:02:39]}
41. Rd2 {[%clk 00:29:24]} {[%emt 00:01:41]} Nxg3+ {[%clk 00:52:43]} {[%emt
00:00:19]} 42. Qxg3 {[%clk 00:29:51]} {[%emt 00:00:03]} Rh8+ {[%clk 00:53:04]}
{[%emt 00:00:08]} 0-1

[Event "DVM U16 2018"]
[Site "Aurich GER"]
[Date "2018.12.29"]
[Round "6"]
[White "Dietlmeier, Tobias"]
[Black "Seref, Erdogan"]
[Result "0-1"]
[Termination "normal"]
[Board "3.4"]
[WhiteElo "1769"]
[BlackElo "2015"]
[WhiteClock "00:33:38"]
[BlackClock "00:40:09"]
[WhiteTeam "TV Tegernsee"]
[BlackTeam "SF Brackel"]
[PlyCount "60"]
[WhiteFideId "16213963"]
[BlackFideId "16206827"]
[EventCountry "GER"]
[EventRounds "7"]
[EventType "team-swiss"]
[EventDate "2018.12.26"]

1. d4 {[%clk 01:30:40]} Nf6 {[%clk 01:30:52]} {[%emt 00:00:08]} 2. Bf4 {[%clk
01:30:26]} {[%emt 00:00:44]} d5 {[%clk 01:31:05]} {[%emt 00:00:18]} 3. e3
{[%clk 01:30:29]} {[%emt 00:00:27]} c5 {[%clk 01:31:15]} {[%emt 00:00:19]} 4.
c3 {[%clk 01:30:26]} {[%emt 00:00:34]} Nc6 {[%clk 01:31:35]} {[%emt 00:00:10]}
5. h3 {[%clk 01:30:22]} {[%emt 00:00:34]} Qb6 {[%clk 01:29:13]} {[%emt
00:02:52]} 6. dxc5 {[%clk 01:24:27]} {[%emt 00:06:24]} Qxb2 {[%clk 01:26:06]}
{[%emt 00:03:37]} 7. Nd2 {[%clk 01:17:21]} {[%emt 00:07:35]} Qxc3 {[%clk
01:25:19]} {[%emt 00:01:17]} 8. Rc1 {[%clk 01:16:49]} {[%emt 00:01:03]} Qa5
{[%clk 01:25:18]} {[%emt 00:00:30]} 9. Qc2 {[%clk 01:15:30]} {[%emt 00:01:50]}
Ne4 {[%clk 01:18:53]} {[%emt 00:06:55]} 10. Ngf3 {[%clk 01:12:59]} {[%emt
00:03:01]} Bf5 {[%clk 01:12:45]} {[%emt 00:06:39]} 11. Qb3 {[%clk 01:10:36]}
{[%emt 00:02:53]} Nxc5 {[%clk 01:11:15]} {[%emt 00:02:00]} 12. Qb5 {[%clk
01:05:18]} {[%emt 00:05:47]} Qxb5 {[%clk 01:10:04]} {[%emt 00:01:41]} 13. Bxb5
{[%clk 01:05:23]} {[%emt 00:00:25]} Nd3+ {[%clk 01:09:55]} {[%emt 00:00:39]}
14. Bxd3 {[%clk 01:04:22]} {[%emt 00:01:31]} Bxd3 {[%clk 01:09:55]} {[%emt
00:00:31]} 15. Rc3 {[%clk 01:03:51]} {[%emt 00:01:00]} Bf5 {[%clk 01:07:00]}
{[%emt 00:03:24]} 16. O-O {[%clk 01:03:34]} {[%emt 00:00:48]} f6 {[%clk
01:05:32]} {[%emt 00:01:58]} 17. Rb3 {[%clk 01:01:45]} {[%emt 00:02:19]} e5
{[%clk 01:05:16]} {[%emt 00:00:46]} 18. Bh2 {[%clk 00:59:11]} {[%emt 00:03:05]}
O-O-O {[%clk 01:05:24]} {[%emt 00:00:21]} 19. Rc1 {[%clk 00:57:48]} {[%emt
00:01:53]} Bd6 {[%clk 01:03:22]} {[%emt 00:02:31]} 20. Nb1 {[%clk 00:55:44]}
{[%emt 00:02:35]} Be6 {[%clk 00:58:42]} {[%emt 00:05:09]} 21. Rbc3 {[%clk
00:52:15]} {[%emt 00:04:00]} Kb8 {[%clk 00:57:38]} {[%emt 00:01:34]} 22. a4
{[%clk 00:48:36]} {[%emt 00:04:10]} Nb4 {[%clk 00:56:16]} {[%emt 00:01:51]} 23.
Rd1 {[%clk 00:42:53]} {[%emt 00:06:14]} Na6 {[%clk 00:53:05]} {[%emt 00:03:38]}
24. Nbd2 {[%clk 00:40:24]} {[%emt 00:03:01]} Nc5 {[%clk 00:49:26]} {[%emt
00:04:09]} 25. Ra1 {[%clk 00:38:27]} {[%emt 00:02:28]} Ne4 {[%clk 00:47:29]}
{[%emt 00:02:26]} 26. Nxe4 {[%clk 00:37:27]} {[%emt 00:01:30]} dxe4 {[%clk
00:47:52]} {[%emt 00:00:07]} 27. Ne1 {[%clk 00:37:04]} {[%emt 00:00:53]} Rc8
{[%clk 00:45:49]} {[%emt 00:02:31]} 28. Rxc8+ {[%clk 00:35:32]} {[%emt
00:02:04]} Rxc8 {[%clk 00:46:13]} {[%emt 00:00:06]} 29. Rd1 {[%clk 00:34:58]}
{[%emt 00:01:04]} Bc5 {[%clk 00:44:44]} {[%emt 00:01:58]} 30. Bg3 {[%clk
00:33:38]} {[%emt 00:01:50]} Bb6 {[%clk 00:40:09]} {[%emt 00:05:06]} 0-1

[Event "DVM U16 2018"]
[Site "Aurich GER"]
[Date "2018.12.29"]
[Round "6"]
[White "Kopylov, Daniel"]
[Black "Knüdel, Torben"]
[Result "1/2-1/2"]
[Termination "normal"]
[Board "4.1"]
[WhiteElo "2239"]
[BlackElo "2204"]
[WhiteTeam "TuRa Harksheide Norderstedt"]
[BlackTeam "Post SV Uelzen"]
[PlyCount "72"]
[WhiteFideId "12921971"]
[BlackFideId "16208820"]
[EventCountry "GER"]
[EventRounds "7"]
[EventType "team-swiss"]
[EventDate "2018.12.26"]

1. e4 e5 2. Nf3 Nc6 3. Nc3 Nf6 4. d4 exd4 5. Nxd4 Bb4 6. Nxc6 bxc6 7. Bd3 d5 8.
exd5 cxd5 9. O-O O-O 10. Bg5 c6 11. Na4 Qd6 12. c3 Ba5 13. Bh4 Bc7 14. Bg3 Qd8
15. Bc2 Bxg3 16. hxg3 Qd6 17. Qd4 Be6 18. Qf4 Qxf4 19. gxf4 g6 20. Rfe1 Rfe8
21. Re3 Bf5 22. Rxe8 Rxe8 23. Bxf5 gxf5 24. Nc5 Re2 25. Nd3 Rd2 26. Ne5 c5 27.
Nc6 Rxb2 28. Nxa7 Ne4 29. a4 Nxc3 30. a5 d4 31. a6 d3 32. Nc6 d2 33. a7 Ra2 34.
Rxa2 d1Q 35. Kh2 Qh5 36. Kg1 Qd1 1/2-1/2

[Event "DVM U16 2018"]
[Site "Aurich GER"]
[Date "2018.12.29"]
[Round "6"]
[White "von Estorff, Jacob"]
[Black "Hovhannisyan, Artur"]
[Result "1-0"]
[Termination "normal"]
[Board "4.2"]
[WhiteElo "2001"]
[BlackElo "2104"]
[WhiteTeam "Post SV Uelzen"]
[BlackTeam "TuRa Harksheide Norderstedt"]
[PlyCount "57"]
[WhiteFideId "12974501"]
[BlackFideId "12986062"]
[EventCountry "GER"]
[EventRounds "7"]
[EventType "team-swiss"]
[EventDate "2018.12.26"]

1. e4 c5 2. Nf3 Nc6 3. d4 cxd4 4. Nxd4 Qb6 5. Nb3 Nf6 6. Bd3 e6 7. O-O d6 8. c4
Be7 9. Nc3 a6 10. Be3 Qc7 11. Qe2 O-O 12. Rad1 Ne5 13. h3 Bd7 14. f4 Nxd3 15.
Qxd3 Rac8 16. e5 Ne8 17. exd6 Nxd6 18. Bc5 Rfd8 19. Bxd6 Bxd6 20. Qxd6 Qxc4 21.
Rd4 Qc7 22. Rfd1 h6 23. Qxc7 Rxc7 24. Na4 Bxa4 25. Rxd8+ Kh7 26. R1d2 Kg6 27.
Nd4 Rc1+ 28. Kh2 Rf1 29. g3 1-0

[Event "DVM U16 2018"]
[Site "Aurich GER"]
[Date "2018.12.29"]
[Round "6"]
[White "Khachatryan, Taron"]
[Black "Askerov, Imamali"]
[Result "1/2-1/2"]
[Termination "normal"]
[Board "4.3"]
[WhiteElo "1761"]
[BlackElo "1964"]
[WhiteTeam "TuRa Harksheide Norderstedt"]
[BlackTeam "Post SV Uelzen"]
[PlyCount "66"]
[WhiteFideId "16216598"]
[BlackFideId "12974498"]
[EventCountry "GER"]
[EventRounds "7"]
[EventType "team-swiss"]
[EventDate "2018.12.26"]

1. d4 Nf6 2. Nf3 d5 3. c4 e6 4. cxd5 exd5 5. Nc3 c6 6. Qc2 Bd6 7. e3 O-O 8. Bd3
Re8 9. O-O Nbd7 10. Re1 Nf8 11. h3 Ng6 12. Bd2 Bd7 13. Rac1 Rc8 14. Qb1 Bb8 15.
b4 Qe7 16. Bf5 Ne4 17. Bxd7 Qxd7 18. Qd3 Qe7 19. Qf1 Qd6 20. g3 Re6 21. Qg2
Rce8 22. a3 h6 23. Re2 Qe7 24. Ree1 Rf6 25. Re2 Qd7 26. Rce1 Qf5 27. Nh2 $11
Nf8 28. f4 Rg6 29. g4 Qd7 30. Nxe4 dxe4 31. Qf1 $11 f5 32. Rg2 Qd5 33. Rc1 Kh7
1/2-1/2

[Event "DVM U16 2018"]
[Site "Aurich GER"]
[Date "2018.12.29"]
[Round "6"]
[White "Rothenberg, Nina"]
[Black "Striebeck, Enno"]
[Result "0-1"]
[Termination "normal"]
[Board "4.4"]
[WhiteElo "1696"]
[BlackElo "1681"]
[WhiteTeam "Post SV Uelzen"]
[BlackTeam "TuRa Harksheide Norderstedt"]
[PlyCount "52"]
[WhiteFideId "16208943"]
[BlackFideId "16254988"]
[EventCountry "GER"]
[EventRounds "7"]
[EventType "team-swiss"]
[EventDate "2018.12.26"]

1. e4 c5 2. Nc3 d6 3. g3 Nc6 4. Bg2 g6 5. d3 Bg7 6. Be3 Nf6 7. h3 O-O 8. Qd2 a6
9. Bh6 Qc7 10. Bxg7 Kxg7 11. f4 b5 12. Nf3 Bb7 13. O-O Rae8 14. g4 e5 15. f5
Nd4 16. g5 Nh5 17. Nxd4 exd4 18. f6 Kh8 19. Ne2 d5 20. exd5 Ng3 21. Nxg3 Qxg3
22. Rae1 Bxd5 23. Rxe8 Rxe8 24. Qf2 Qxg5 25. Kh1 Re3 26. Kg1 Rg3 0-1

[Event "DVM U16 2018"]
[Site "Aurich GER"]
[Date "2018.12.29"]
[Round "6"]
[White "Stelmaszyk, Nico"]
[Black "Köllner, Ruben Gideon"]
[Result "0-1"]
[Termination "normal"]
[Board "5.1"]
[WhiteElo "1902"]
[BlackElo "2242"]
[WhiteTeam "SK Lehrte"]
[BlackTeam "SG Bochum"]
[PlyCount "54"]
[WhiteFideId "16200462"]
[BlackFideId "12993093"]
[EventCountry "GER"]
[EventRounds "7"]
[EventType "team-swiss"]
[EventDate "2018.12.26"]

1. e4 d6 2. d4 Nf6 3. Nc3 e5 4. dxe5 dxe5 5. Qxd8+ Kxd8 6. Bg5 Be6 7. Nge2 Nbd7
8. f4 exf4 9. Nxf4 h6 10. Bxf6+ gxf6 11. Nxe6+ fxe6 12. Bc4 Ke7 13. Ne2 Ne5 14.
Bb3 c5 15. a3 Rd8 16. Rd1 Rxd1+ 17. Kxd1 h5 18. Nf4 Bh6 19. g3 Rd8+ 20. Ke2 Rd4
21. Ke3 Ng4+ 22. Kf3 Rd2 23. Ne2 Ne5+ 24. Kf2 c4 25. Ba4 a6 26. c3 b5 27. Bd1
Nd3+ 0-1

[Event "DVM U16 2018"]
[Site "Aurich GER"]
[Date "2018.12.29"]
[Round "6"]
[White "Biermann, Lenhard"]
[Black "Meiwes, Thore"]
[Result "1/2-1/2"]
[Termination "normal"]
[Board "5.2"]
[WhiteElo "2108"]
[BlackElo "1959"]
[WhiteTeam "SG Bochum"]
[BlackTeam "SK Lehrte"]
[PlyCount "105"]
[WhiteFideId "12970077"]
[BlackFideId "16201256"]
[EventCountry "GER"]
[EventRounds "7"]
[EventType "team-swiss"]
[EventDate "2018.12.26"]

1. d4 Nf6 2. Nf3 d5 3. c4 e6 4. g3 Be7 5. Bg2 O-O 6. O-O dxc4 7. Nc3 Nc6 8. e4
Rb8 9. Bf4 b5 10. Qe2 a6 11. Rad1 Bb7 12. Rfe1 Re8 13. Rd2 h6 14. Qd1 Ra8 15.
h3 Nb8 16. a3 c6 17. g4 Nbd7 18. Ne5 Qa5 19. Nxd7 Nxd7 20. e5 Bxa3 21. g5 hxg5
22. Bxg5 Be7 23. Bxe7 Rxe7 24. Ne4 Nf8 25. Re3 Ng6 26. Ng5 Kf8 27. Be4 Nh8 28.
f4 g6 29. Nh7+ Ke8 30. Nf6+ Kd8 31. d5 cxd5 32. Bxd5 exd5 33. Nxd5 Bxd5 34.
Rxd5+ Ke8 35. Qd4 Re6 36. f5 gxf5 37. Rg3 Ng6 38. Rd6 Qe1+ 39. Kh2 Qxe5 40.
Rxe6+ Qxe6 41. Re3 Qxe3 42. Qxe3+ Kf8 43. h4 Re8 44. Qh6+ Kg8 45. h5 Re2+ 46.
Kg1 Re4 47. hxg6 Rg4+ 48. Kf2 Rxg6 49. Qf4 Kg7 50. Qe5+ Kg8 51. Qe8+ Kg7 52.
Qe5+ Kg8 53. Qe8+ 1/2-1/2

[Event "DVM U16 2018"]
[Site "Aurich GER"]
[Date "2018.12.29"]
[Round "6"]
[White "Reimer, Philip"]
[Black "Biermann, Florian"]
[Result "1-0"]
[Termination "normal"]
[Board "5.3"]
[WhiteElo "1666"]
[BlackElo "2054"]
[WhiteTeam "SK Lehrte"]
[BlackTeam "SG Bochum"]
[PlyCount "51"]
[WhiteFideId "16235860"]
[BlackFideId "12970069"]
[EventCountry "GER"]
[EventRounds "7"]
[EventType "team-swiss"]
[EventDate "2018.12.26"]

1. e4 c5 2. Nf3 d6 3. d4 cxd4 4. Nxd4 Nf6 5. Nc3 a6 6. Bg5 e6 7. f4 h6 8. Bh4
Be7 9. Qf3 Nbd7 10. O-O-O Qc7 11. Be2 O-O 12. g4 b5 13. Bxf6 Nxf6 14. Bd3 b4
15. Nce2 Bb7 16. h4 d5 17. e5 Ne4 18. g5 Qa5 19. Kb1 Rfc8 20. gxh6 Nc3+ 21.
bxc3 bxc3 22. hxg7 Qb4+ 23. Nb3 Kxg7 24. Qh5 Bc5 25. f5 Kf8 26. fxe6 1-0

[Event "DVM U16 2018"]
[Site "Aurich GER"]
[Date "2018.12.29"]
[Round "6"]
[White "Gluma, Christian"]
[Black "Dornieden, Jonas"]
[Result "0-1"]
[Termination "normal"]
[Board "5.4"]
[WhiteElo "1711"]
[BlackElo "1729"]
[WhiteTeam "SG Bochum"]
[BlackTeam "SK Lehrte"]
[PlyCount "98"]
[WhiteFideId "16223209"]
[BlackFideId "1336460"]
[EventCountry "GER"]
[EventRounds "7"]
[EventType "team-swiss"]
[EventDate "2018.12.26"]

1. e4 c6 2. Nf3 d5 3. exd5 cxd5 4. Ne5 Nf6 5. d4 g6 6. Bb5+ Bd7 7. Nxd7 Nbxd7
8. c3 Bg7 9. O-O O-O 10. Nd2 e6 11. f4 a6 12. Bd3 Qc7 13. Nf3 Ne8 14. Qe1 Nd6
15. Qh4 Nf5 16. Qh3 Rfe8 17. g4 Nd6 18. f5 exf5 19. gxf5 Ne4 20. Ng5 Ndf6 21.
Bxe4 dxe4 22. Bf4 Qb6 23. fxg6 fxg6 24. Qg2 h6 25. Nh3 g5 26. Be3 Re7 27. Rae1
Rae8 28. Re2 Nd5 29. Rfe1 Qe6 30. a3 Rf8 31. Nf2 Rfe8 32. Qg3 Qf5 33. Qg4 Qxg4+
34. Nxg4 Nf4 35. Rd2 Nd3 36. Rf1 Re6 37. Nf2 Nxf2 38. Rdxf2 Rf8 39. d5 Rxf2 40.
Rxf2 Rd6 41. c4 Be5 42. b3 Kg7 43. h3 Rd7 44. Bb6 Kg6 45. a4 Bf4 46. Re2 Kf5
47. Kg2 h5 48. Bf2 g4 49. h4 b5 0-1

[Event "DVM U16 2018"]
[Site "Aurich GER"]
[Date "2018.12.29"]
[Round "6"]
[White "Runte, Moritz"]
[Black "Bethke, Richard"]
[Result "0-1"]
[Termination "normal"]
[Board "6.1"]
[WhiteElo "1963"]
[BlackElo "2219"]
[WhiteTeam "SV Hemer"]
[BlackTeam "SF Neuberg"]
[PlyCount "76"]
[WhiteFideId "12991449"]
[BlackFideId "12959243"]
[EventCountry "GER"]
[EventRounds "7"]
[EventType "team-swiss"]
[EventDate "2018.12.26"]

1. d4 Nf6 2. Bf4 d5 3. e3 e6 4. Nf3 c5 5. c3 Nc6 6. Nbd2 Bd6 7. Bg3 O-O 8. Bd3
b6 9. O-O Bxg3 10. hxg3 Ne7 11. e4 Bb7 12. e5 Ne4 13. Qe2 Nxd2 14. Qxd2 a5 15.
Rfe1 Ba6 16. Bc2 Rc8 17. Kh2 cxd4 18. cxd4 Rc6 19. Rad1 Qc7 20. Bb1 Rc8 21. Qf4
f5 22. Qg5 Rf8 23. Rc1 Rxc1 24. Rxc1 Qd7 25. Qh4 Be2 26. Ng1 Ba6 27. Nf3 h6 28.
Qf4 $11 Rc8 29. Qd2 Rxc1 30. Qxc1 Qc6 31. Qd2 Qc4 32. Qc2 Qxc2 33. Bxc2 Nc6 34.
Bd1 g5 35. a3 g4 36. Nd2 Nxd4 37. f3 Be2 38. Bxe2 Nxe2 0-1

[Event "DVM U16 2018"]
[Site "Aurich GER"]
[Date "2018.12.29"]
[Round "6"]
[White "Trinh, Fabian Dat"]
[Black "Baranyai-Molnar, Adam-Kristof"]
[Result "1/2-1/2"]
[Termination "normal"]
[Board "6.3"]
[WhiteElo "1751"]
[BlackElo "1883"]
[WhiteTeam "SV Hemer"]
[BlackTeam "SF Neuberg"]
[PlyCount "60"]
[WhiteFideId "16243641"]
[BlackFideId "768022"]
[EventCountry "GER"]
[EventRounds "7"]
[EventType "team-swiss"]
[EventDate "2018.12.26"]

1. d4 Nf6 2. Bf4 e6 3. e3 d5 4. Nf3 c5 5. c3 Nc6 6. Nbd2 Bd6 7. Bg3 O-O 8. Bd3
b6 9. e4 dxe4 10. Nxe4 Nxe4 11. Bxe4 Bb7 12. dxc5 Bxc5 13. O-O Rc8 14. Ne5 Qxd1
15. Raxd1 Rfd8 16. Bxc6 Rxd1 17. Rxd1 Bxc6 18. Nxc6 Rxc6 19. Rd8+ Bf8 20. Kf1
a5 21. b4 axb4 22. cxb4 f6 23. a3 Kf7 24. Rb8 e5 25. f3 Rc3 26. Rxb6 Rxa3 27.
Rb7+ Ke6 28. Bf2 Ra1+ 29. Ke2 Ra2+ 30. Kf1 Ra1+ 1/2-1/2